000 00460cam a22001457a 4500
008 180718b1978 xxu||||| |||| 00| 0 eng d
082 _aT39 In8t
100 _aBale, Malcolm D.
245 _aTrade restrictions and international price instability
_cBy Malcolm D. Bale and Ernst Lutz
260 _aWashington, D.C.
_bIBRD
_c1978
300 _a16p. Paper
440 _aWorld Bank Staff Working Paper No.303
650 _aForeign Commerce
700 _aLutz, Ernst
999 _c225168
_d225168